000 00892nam a2200265 i 4500
001 000033236
003 DO-SdBNP
005 20240110075647.0
006 a||||gr|||| 00| 0
007 ta
008 110823n19uu dr a 000 p spa d
040 _aDO-SdBNP
_bspa
_cBNPHU
_erda
082 4 _bC957c
_222
100 1 _aCruzado, Americo
_958865
_eautor
245 1 0 _aCancionero romántico de ayer y de hoy :
_b400 canciones /
_cAmerico Cruzado.
246 1 2 _aCancionero romántico de ayer y de hoy :
_bcuatrocientas canciones
264 _aCiudad Trujillo, República Dominicana :
_bEditora Montalvo,
_c[190?]
300 _a[110 páginas] :
_bIlustraciones ;
_c24 cm.
336 _2rdacontent
_atexto
_btxt
337 _2rdamedia
_asin mediación
_bn
338 _2rdacarrier
_avolumen
_bnc
500 _aIncluye anuncios de la época.
590 _aInventariado 2024 / MF
942 _2ddc
_cLBS1
999 _c32727
_d32727